Stratégia úspechu - motivácia a zvládnutie stresu
Enregistré dans:
| Auteur principal: | |
|---|---|
| Autres auteurs: | |
| Format: | Chapitre de livre |
| Langue: | slovaque |
| Tags: |
Pas de tags, Soyez le premier à ajouter un tag!
|
MARC
| LEADER | 00000naa$a2200000$$$4500 | ||
|---|---|---|---|
| 001 | 0205428 | ||
| 005 | 20240502073425.2 | ||
| 041 | 0 | |a slo | |
| 044 | |a SK | ||
| 245 | 1 | 0 | |a Stratégia úspechu - motivácia a zvládnutie stresu |c Anna Čepelová, Bohuslava Mihalčová |
| 100 | 1 | |a Čepelová, Anna | |
| 700 | 1 | |a Mihalčová, Bohuslava, 1963- | |